000 00297nam a22001337a 4500
008 170327b xxu||||| |||| 00| 0 eng d
020 _a9781605476674
041 _aeng
080 _29TH
_a615.83
100 _a8
101 _aSHM
245 _aDIAGNOSTIC TESTS
_cWIILLIAMSON, M.A
942 _2udc
_cBK
999 _c8749
_d8749